000 00600nam a22001817a 4500
005 20251108164313.0
008 250721s1979 xx 000 0 ara d
082 1 4 _a355.3432/عبد
100 1 _aعيسى، عبد الله
245 1 0 _aفدائي في المخابرات الإسرائيلية /
264 1 _aعمان :
_bمؤسسة دارالمعالي للنشر والتوزيع،
_c1979.
300 _a112ص
490 0 _aالحرب السرية الفلسطينية الأسرائيلية
650 1 7 _aالموساد
650 1 7 _aالجواسيس
942 _2ddc
_cBK
999 _c8850
_d8850